Central Library OPAC University of Rajshahi

Relief and social security / (Record no. 50032)

MARC details
000 -LEADER
fixed length control field 00693nam a2200229 a 4500
001 - CONTROL NUMBER
control field 50032
003 - CONTROL NUMBER IDENTIFIER
rucl marc code BD-RjUL
005 - DATE AND TIME OF LATEST TRANSACTION
control field 20211209075439.0
008 - FIXED-LENGTH DATA ELEMENTS--GENERAL INFORMATION
fixed length control field 160823s1946 xx a 1 0 eng d
035 ## - SYSTEM CONTROL NUMBER
System control number (BD-RjUL)50152
040 ## - CATALOGING SOURCE
Original cataloging agency BD-RjUL
Language of cataloging eng
Transcribing agency BD-RjUL
Modifying agency BD-RjUL
041 ## - LANGUAGE CODE
Language code of text/sound track or separate title eng
082 ## - DEWEY DECIMAL CLASSIFICATION NUMBER
Edition number 23
Classification number 368.40973
Author mark and year MER 1946
100 1# - MAIN ENTRY--PERSONAL NAME
Personal name Meriam, Lewis.
Dates associated with a name 1883-
9 (RLIN) 149945
245 10 - TITLE STATEMENT
Title Relief and social security /
Statement of responsibility, etc. by Lewis Meriam.
260 ## - PUBLICATION, DISTRIBUTION, ETC. (IMPRINT)
Place of publication, distribution, etc. Washington, D.C. :
Name of publisher, distributor, etc. the Brookings Institution,
Date of publication, distribution, etc. 1946.
300 ## - PHYSICAL DESCRIPTION
Pagination xx, 912 p. :
Illustrations ill. ;
Size 24 cm.
500 ## - GENERAL NOTE
General note Includes index.
650 #0 - SUBJECT ADDED ENTRY--TOPICAL TERM
Topical term or geographic name as entry element Social security
Geographic subdivision United States.
9 (RLIN) 130398
Topical term or geographic name as entry element Previdencia Social.
9 (RLIN) 149946
942 ## - ADDED ENTRY ELEMENTS (KOHA)
Source of classification or shelving scheme Dewey Decimal Classification
Koha item type Books
Holdings
Lost status Source of classification or shelving scheme Damaged status Not for loan Collection code Permanent Location Current Location Shelving location Date acquired Source of acquisition Cost, normal purchase price Total Checkouts Full call number Date last seen Copy number Koha item type
  Dewey Decimal Classification     Non-fiction Central Library, University of Rajshahi Central Library, University of Rajshahi   26/08/1961 Anwar Iqbal Qureshi, Karachi 30.00   368.40973 MER 1946 23/08/2016 C-2 Books